Statistics for Georgia Bulldogs Football

Click here to take the quiz!

General Stats

  • This quiz has been taken 192 times
  • The average score is 6 of 10

Answer Stats

HintAnswer% Correct
How many national championships has Georgia won?2
99%
How many yards was Rodrigo Blankenship's record breaking field goal in the Rose Bowl?55
84%
How many SEC Championships has Georgia won?13
77%
Who is Georgia's opponent in the "Deep South's Oldest Rivalry?"Auburn
75%
What Georgia player won the 1982 Heisman Trophy?Hershel Walker
73%
What year did Mark Richt win his first SEC Championship at Georgia?2002
64%
Who did UGA beat in the 2020 Sugar Bowl?Baylor
53%
What year did Georgia play its first ever football game?1892
35%
Who is the radio announcer for Georgia football?Scott Howard
28%
Who was Georgia's first head football coach ever?Charles Herty
11%

Score Distribution

Percentile by Number Answered

Percent of People with Each Score

Your Score History

You have not taken this quiz